000 00897nas a2200265 4500
001 BR7800904
003 BR-BrBNA
005 20231205083334.0
007 ta
008 230509b bl.|||p| |||| 00| 00por d
040 _aBR-BrBNA
_bpor
_cBiblioteca Nacional de Agricultura
041 _a(Pt)
072 _aL72
100 1 _aSantiago, M.A.M.
100 1 _aCosta, U.C. da
111 1 _a4. Congresso Estadual de Veterinaria do Rio Grande do Sul
_cPorto Alegre, RS (Brazil)
_dJul 1975
245 1 _aAvaliacao do sistema de aliquotas usado para verificacao do parasitismo por nematodeos, em ovinos [Ovis aries]
650 _aOVINO
650 _aVERMINOSE
650 _aPARASITO
650 _aNEMATOIDE
773 0 _tRevista do Centro de Ciencias Rurais (Brazil)
_xISSN 0085-5901
_g(Dec 1977), v. 7(4) p. 363-369
_wBR7800904
909 _a202311
_bLúcia
_c55
_dLúcia Elande
942 _2AGRIS
_n0
_cANA
999 _c98084
_d98084